Statistics for Anthrax Album Discography Quiz

Click here to take the quiz!

General Stats

  • This quiz has been taken 3 times
  • The average score is 7 of 25

Answer Stats

HintAnswer% Correct
1987 - StudioAmong the Living
100%
1983 - StudioFistful of Metal
67%
2016 - StudioFor All Kings
67%
1990 - StudioPersistence of Time
67%
1985 - StudioSpreading the Disease
67%
1988 - StudioState of Euphoria
67%
1985 - EPArmed and Dangerous
33%
2001 - CompilationMadhouse: The Very Best of Anthrax
33%
1993 - StudioSound of White Noise
33%
1995 - StudioStomp 442
33%
2004 - StudioThe Greater of Two Evils
33%
1998 - StudioVolume 8: The Threat is Real
33%
2003 - StudioWe’ve Come for You All
33%
2011 - StudioWorship Music
33%
2013 - EPAnthems
0%
2005 - CompilationAnthrology: No Hit Wonders (1985–1991)
0%
1991 - CompilationAttack of the Killer B’s
0%
2007 - LiveCaught in a Mosh: BBC Live in Concert
0%
1987 - EPI’m the Man
0%
1998 - EPInside Out
0%
2018 - LiveKings Among Scotland
0%
1994 - LiveLive: The Island Years
0%
1989 - EPPenikufesin
0%
1999 - CompilationReturn of the Killer A’s
0%
2003 - EPSummer 2003
0%

Score Distribution

Percentile by Number Answered

Percent of People with Each Score

Your Score History

You have not taken this quiz